[Event "Senior-DM 65+ 2025"]
[Site "Copenhagen"]
[Date "2025.02.08"]
[Round "1.1"]
[White "Andersen, Bjarne Hjorth"]
[Black "Andreasen, Per Naesby"]
[Result "0-1"]
[WhiteElo "1894"]
[BlackElo "2233"]
[WhiteFideId "1404946"]
[BlackFideId "1400886"]
[EventDate "2025.02.08"]
[EventType "swiss"]
[EventRounds "7"]
[EventCountry "DEN"]
[SourceTitle "Live v. Obro Skakforening"]

1. e4 g6 2. d4 Bg7 3. Nf3 d6 4. Nc3 a6 5. Be3 b5 6. a3 Bb7 7. Be2 Nf6 8. e5 Nd5 9. Nxd5 Bxd5 10. exd6 cxd6 11. Qd2 Nd7 12. Bh6 O-O 13. Bxg7 Kxg7 14. O-O Nb6 15. Rfe1 Nc4 16. Bxc4 bxc4 17. Qe2 e6 18. Nd2 Qc7 19. c3 Rab8 20. Rab1 Rb6 21. b4 cxb3 22. c4 Ba8 23. f3 Rfb8 24. Qd3 b2 25. Qc3 Kg8 26. c5 dxc5 27. dxc5 Rb5 28. Re5 Bd5 29. Ne4 Bxe4 30. fxe4 Rb3 31. Qd4 Rd8 32. Qa4 Qxe5 33. Qxb3 Qxc5+ 34. Kf1 Qc1+ 0-1

[Event "Senior-DM 65+ 2025"]
[Site "Copenhagen"]
[Date "2025.02.08"]
[Round "1.2"]
[White "Thuesen, Mogens Henrik"]
[Black "Bauner, Jan"]
[Result "1/2-1/2"]
[WhiteElo "2216"]
[BlackElo "1880"]
[WhiteFideId "1400878"]
[BlackFideId "1415832"]
[EventDate "2025.02.08"]
[EventType "swiss"]
[EventRounds "7"]
[EventCountry "DEN"]
[SourceTitle "Live v. Obro Skakforening"]

1. d4 d5 2. c4 e6 3. Nc3 Nf6 4. Bg5 Nbd7 5. cxd5 exd5 6. e3 Be7 7. Bd3 Nf8 8. Nf3 Ne6 9. Bh4 O-O 10. O-O Re8 11. Ne5 c6 12. Qc2 Nf8 13. Rab1 Ng4 14. Bxe7 Rxe7 15. Nxg4 Bxg4 16. b4 a6 17. a4 Bh5 18. b5 axb5 19. axb5 Bg6 20. Bxg6 hxg6 21. Ra1 Ne6 22. Qb2 Rxa1 23. Rxa1 c5 24. dxc5 Nxc5 25. Rd1 d4 26. Qb4 Ne6 27. Ne2 d3 28. Nc3 Rd7 29. h3 b6 30. Ne4 Qc7 1/2-1/2

[Event "Senior-DM 65+ 2025"]
[Site "Copenhagen"]
[Date "2025.02.08"]
[Round "1.3"]
[White "Larsen, Preben R"]
[Black "Andersen, Morten"]
[Result "0-1"]
[WhiteElo "1881"]
[BlackElo "2194"]
[WhiteFideId "1425790"]
[BlackFideId "1504908"]
[EventDate "2025.02.08"]
[EventType "swiss"]
[EventRounds "7"]
[EventCountry "DEN"]
[SourceTitle "Live v. Obro Skakforening"]

1. c4 Nf6 2. Nc3 g6 3. e4 d6 4. d4 Bg7 5. Nf3 O-O 6. Bg5 h6 7. Bh4 Nc6 8. d5 Ne5 9. Nxe5 dxe5 10. Be2 e6 11. O-O exd5 12. cxd5 a6 13. Bg3 Qe7 14. f3 Nh5 15. Bf2 Nf4 16. Bg3 h5 17. Bxf4 exf4 18. Bd3 g5 19. Kh1 Be5 20. Rc1 Kg7 21. Rc2 g4 22. Be2 Qh4 23. Bd3 g3 24. h3 Bxh3 25. gxh3 Qxh3+ 26. Kg1 Bd4+ 0-1

[Event "Senior-DM 65+ 2025"]
[Site "Copenhagen"]
[Date "2025.02.08"]
[Round "1.4"]
[White "Simonsen, Carsten"]
[Black "Moller, Arne Vagn"]
[Result "1-0"]
[WhiteElo "2190"]
[BlackElo "1861"]
[WhiteFideId "1439898"]
[BlackFideId "1406175"]
[EventDate "2025.02.08"]
[EventType "swiss"]
[EventRounds "7"]
[EventCountry "DEN"]
[SourceTitle "Live v. Obro Skakforening"]

1. d4 Nf6 2. Bg5 e6 3. e4 Be7 4. e5 Nd5 5. Bd2 Bg5 6. Nf3 Bxd2+ 7. Qxd2 f5 8. c4 Nb6 9. Nc3 O-O 10. d5 d6 11. O-O-O Na6 12. dxe6 Bxe6 13. Ng5 Re8 14. Qf4 h6 15. Nxe6 Rxe6 16. exd6 Rxd6 17. Rxd6 Qxd6 18. Qxd6 cxd6 19. Bd3 g6 20. Re1 Nc5 21. Kd2 Nxd3 22. Kxd3 Kf7 23. Nb5 Rd8 24. Nxa7 d5 25. c5 Nd7 26. b4 Kf6 27. Nb5 Ne5+ 28. Kc3 g5 29. a4 Nc6 30. Nd4 Ne5 31. Re2 Rc8 32. a5 h5 33. Nb5 f4 34. Nd6 Rc7 35. Nb5 1-0

[Event "Senior-DM 65+ 2025"]
[Site "Copenhagen"]
[Date "2025.02.08"]
[Round "1.5"]
[White "Lontoft, Sven"]
[Black "Alkaersig, Ole"]
[Result "0-1"]
[WhiteElo "1809"]
[BlackElo "2185"]
[WhiteFideId "1441523"]
[BlackFideId "1401416"]
[EventDate "2025.02.08"]
[EventType "swiss"]
[EventRounds "7"]
[EventCountry "DEN"]
[SourceTitle "Live v. Obro Skakforening"]

1. c4 e6 2. g3 d5 3. cxd5 exd5 4. Bg2 Nf6 5. d4 c5 6. dxc5 Bxc5 7. Bf4 Nc6 8. e3 h6 9. Nf3 Bg4 10. h4 O-O 11. O-O Ne4 12. Qc1 Rc8 13. Nfd2 Qe7 14. Nxe4 dxe4 15. Nc3 Ne5 16. Bxe5 Qxe5 17. Bxe4 Bb4 18. Bxb7 Bxc3 19. Bxc8 Bxb2 20. Qc4 Bxc8 21. Rab1 Bf5 22. Rbd1 Be4 23. Qe2 Ba3 24. Rd7 Bc5 25. Qc4 Qf5 0-1

[Event "Senior-DM 65+ 2025"]
[Site "Copenhagen"]
[Date "2025.02.08"]
[Round "1.6"]
[White "Hartung Nielsen, Jens"]
[Black "Olsen, Bjorn"]
[Result "1-0"]
[WhiteElo "2169"]
[BlackElo "1861"]
[WhiteFideId "1400690"]
[BlackFideId "1462482"]
[EventDate "2025.02.08"]
[EventType "swiss"]
[EventRounds "7"]
[EventCountry "DEN"]
[SourceTitle "Live v. Obro Skakforening"]

1. d4 d6 2. Nc3 Nf6 3. Bf4 Nbd7 4. Nf3 c6 5. Qd2 b5 6. a3 Rb8 7. e4 a6 8. e5 dxe5 9. dxe5 Nh5 10. e6 Nxf4 11. exd7+ Bxd7 12. Qxf4 g6 13. Ne5 Bc8 1-0

[Event "Senior-DM 65+ 2025"]
[Site "Copenhagen"]
[Date "2025.02.08"]
[Round "1.7"]
[White "Madsen, Finn Gemynthe"]
[Black "Petersen, Peter Birk"]
[Result "0-1"]
[WhiteElo "1855"]
[BlackElo "2117"]
[WhiteFideId "1419650"]
[BlackFideId "1401696"]
[EventDate "2025.02.08"]
[EventType "swiss"]
[EventRounds "7"]
[EventCountry "DEN"]
[SourceTitle "Live v. Obro Skakforening"]

1. e4 c5 2. Nf3 e6 3. d4 cxd4 4. Nxd4 Nf6 5. e5 Qa5+ 6. Nc3 Qxe5+ 7. Be2 Nc6 8. Nf3 Qa5 9. Bd2 a6 10. O-O Be7 11. a3 O-O 12. Ne4 Qc7 13. Ng3 d5 14. Rc1 b5 15. Bd3 e5 16. Bf5 e4 17. Nh4 Be6 18. Bc3 Qf4 19. Bxf6 Bxf6 20. Qg4 Qxg4 0-1

[Event "Senior-DM 65+ 2025"]
[Site "Copenhagen"]
[Date "2025.02.08"]
[Round "1.8"]
[White "Moe, Mogens"]
[Black "Matras, Ove"]
[Result "1-0"]
[WhiteElo "2125"]
[BlackElo "1859"]
[WhiteFideId "1400550"]
[BlackFideId "1416790"]
[EventDate "2025.02.08"]
[EventType "swiss"]
[EventRounds "7"]
[EventCountry "DEN"]
[SourceTitle "Live v. Obro Skakforening"]

1. e4 d5 2. exd5 Nf6 3. d4 Nxd5 4. c4 Nf6 5. Nc3 Bg4 6. Nge2 c6 7. h3 Bh5 8. g4 Bg6 9. Bg2 e6 10. O-O h6 11. f4 Bd6 12. Qe1 O-O 13. Be3 Bd3 14. g5 hxg5 15. fxg5 Nh7 16. Be4 Bxe4 17. Nxe4 f5 18. gxf6 Nxf6 19. Ng5 Qe7 20. Qh4 Nbd7 21. Rae1 Rae8 22. c5 Bb8 23. Nf4 Bxf4 24. Bxf4 e5 25. Kh1 g6 26. Bxe5 Nh7 27. Bf6 Rxf6 28. Rxe7 Rxf1+ 29. Kg2 Rxe7 30. Kxf1 Nxg5 31. Qxg5 Kf7 32. Qf4+ Nf6 33. b4 Kg7 34. Qd6 Nd5 35. b5 Rf7+ 36. Kg1 Rf6 37. Qd7+ Rf7 38. bxc6 Nf4 39. Qxf7+ 1-0

[Event "Senior-DM 65+ 2025"]
[Site "Copenhagen"]
[Date "2025.02.08"]
[Round "1.9"]
[White "Hein, Jacob"]
[Black "Gronhoj, Benny"]
[Result "0-1"]
[WhiteElo "1683"]
[BlackElo "2023"]
[WhiteFideId "1402870"]
[BlackFideId "1404245"]
[EventDate "2025.02.08"]
[EventType "swiss"]
[EventRounds "7"]
[EventCountry "DEN"]
[SourceTitle "Live v. Obro Skakforening"]

1. e4 d5 2. exd5 Qxd5 3. Nc3 Qa5 4. Bc4 Nf6 5. d3 c6 6. Bd2 Qc7 7. Nf3 Bf5 8. Qe2 Nbd7 9. h3 e6 10. g4 Bg6 11. Bg5 Bd6 12. Bxe6 fxe6 13. Qxe6+ Kf8 14. Nd4 Re8 15. O-O-O Bf4+ 16. Bxf4 Qxf4+ 17. Kb1 Qxd4 18. Qb3 Bf7 19. Qxb7 Qb6 20. Qxb6 axb6 21. f4 Bd5 22. Rh2 Kf7 23. Ne2 Bf3 24. Re1 Re3 25. Kc1 Rhe8 26. Kd2 Nd5 27. Rf2 Rxe2+ 28. Rexe2 Rxe2+ 29. Rxe2 Bxe2 30. Kxe2 Nxf4+ 31. Kf3 Nxh3 32. Ke4 Ke6 33. d4 g5 34. c4 Nf4 35. a4 Nf6+ 36. Kf3 Nd3 37. b3 Nb4 38. c5 bxc5 39. dxc5 Na6 40. Ke3 Nxc5 41. a5 Nxg4+ 42. Kf3 Ne5+ 43. Ke3 Na6 44. Ke4 h5 45. Ke3 h4 46. Kf2 g4 47. Kg2 g3 48. Kh3 Nd3 49. Kg2 Nf4+ 50. Kh1 g2+ 51. Kg1 h3 52. Kh2 Ne2 53. Kxh3 g1=Q 54. Kh4 Kf5 0-1

[Event "Senior-DM 65+ 2025"]
[Site "Copenhagen"]
[Date "2025.02.08"]
[Round "1.10"]
[White "Pedersen, Karsten Nymann"]
[Black "Henriksen, Bjarne Meldgaard"]
[Result "1-0"]
[WhiteElo "2040"]
[BlackElo "1821"]
[WhiteFideId "1410156"]
[BlackFideId "1414399"]
[EventDate "2025.02.08"]
[EventType "swiss"]
[EventRounds "7"]
[EventCountry "DEN"]
[SourceTitle "Live v. Obro Skakforening"]

1. d4 Nf6 2. g3 d5 3. Bg2 Bf5 4. c4 e6 5. Nc3 Be7 6. cxd5 exd5 7. Qb3 O-O 8. Nxd5 Nxd5 9. Qxd5 Qxd5 10. Bxd5 c6 11. Bf3 Na6 12. a3 Bf6 13. e3 Rad8 14. Ne2 Nc7 15. O-O Rfe8 16. Nc3 g5 17. Re1 Bxd4 18. e4 f6 19. Bxg5 fxg5 20. exf5 Kg7 21. Bh5 Rxe1+ 22. Rxe1 Kf6 23. Bg4 h6 24. Ne4+ Kg7 25. Rd1 c5 26. Nxc5 Bxf2+ 27. Kxf2 Rxd1 28. Bxd1 1-0

[Event "Senior-DM 65+ 2025"]
[Site "Copenhagen"]
[Date "2025.02.08"]
[Round "1.11"]
[White "Fjordside, Arne Dan"]
[Black "Nielsen, Jorgen Lovgren"]
[Result "1-0"]
[WhiteElo "1830"]
[BlackElo "2030"]
[WhiteFideId "1418580"]
[BlackFideId "1403850"]
[EventDate "2025.02.08"]
[EventType "swiss"]
[EventRounds "7"]
[EventCountry "DEN"]
[SourceTitle "Live v. Obro Skakforening"]

1. d4 f5 2. Nf3 Nf6 3. g3 g6 4. Bg2 Bg7 5. b3 O-O 6. Bb2 d6 7. Nbd2 c6 8. O-O Qc7 9. e3 Kh8 10. Rc1 Be6 11. c4 Nbd7 12. Rc2 Bg8 13. Qa1 a5 14. a4 Rfe8 15. Re1 Rad8 16. h4 e5 17. dxe5 dxe5 18. Ng5 Nc5 19. Rd1 Rxd2 20. Rdxd2 Nxb3 21. Qd1 Nxd2 22. Rxd2 h6 23. Nf3 Bxc4 24. Rd6 Re6 25. Rxe6 Bxe6 26. Bxe5 Qd7 27. Qa1 Ne8 28. Bxg7+ Qxg7 29. Qe1 Qc7 30. Qc3+ Kh7 31. Nd4 Bd7 32. Qc5 Nd6 33. Qe5 Bc8 34. Qf6 Qd7 35. Bf3 c5 36. Ne2 Qe6 37. Qd8 Nc4 38. Bd5 Qd7 39. Qg8# 1-0

[Event "Senior-DM 65+ 2025"]
[Site "Copenhagen"]
[Date "2025.02.08"]
[Round "1.12"]
[White "Olsen, Claus B"]
[Black "Larsen, Arne Walther"]
[Result "1/2-1/2"]
[WhiteElo "2023"]
[BlackElo "1797"]
[WhiteFideId "1403575"]
[BlackFideId "1411357"]
[EventDate "2025.02.08"]
[EventType "swiss"]
[EventRounds "7"]
[EventCountry "DEN"]
[SourceTitle "Live v. Obro Skakforening"]

1. e4 d6 2. Nc3 Nf6 3. f4 c5 4. Nf3 g6 5. Bc4 Bg7 6. d3 Nc6 7. O-O O-O 8. a3 e6 9. Bb5 a6 10. Bxc6 bxc6 11. e5 Nd5 12. Ne4 dxe5 13. fxe5 Qc7 14. Nxc5 Bxe5 15. Nxe5 Qxe5 16. d4 Qg7 17. Re1 Rb8 18. c3 g5 19. Qf3 Kh8 20. Re2 h6 21. Qg3 Ra8 22. Qd6 Ra7 23. Be3 f5 24. c4 Nxe3 25. Rxe3 f4 26. Rf3 Raf7 27. Raf1 Qf6 28. Ne4 Qg7 29. Nc5 Qf6 30. h3 Rd8 31. Qe5 Rxd4 1/2-1/2

[Event "Senior-DM 65+ 2025"]
[Site "Copenhagen"]
[Date "2025.02.08"]
[Round "1.13"]
[White "Stuhr, Finn"]
[Black "Nielsen, Christian Volmer"]
[Result "0-1"]
[WhiteElo "1714"]
[BlackElo "1966"]
[WhiteFideId "1400789"]
[BlackFideId "1419102"]
[EventDate "2025.02.08"]
[EventType "swiss"]
[EventRounds "7"]
[EventCountry "DEN"]
[SourceTitle "Live v. Obro Skakforening"]

1. e4 c5 2. Bc4 Nc6 3. Nc3 e6 4. Nf3 a6 5. a4 Nge7 6. Qe2 Nd4 7. Nxd4 cxd4 8. Nd1 Nc6 9. c3 g6 10. O-O Bg7 11. Bb3 O-O 12. Bc2 Rb8 13. Kh1 b5 14. f4 Re8 15. Bd3 Qb6 16. Nf2 d6 17. h4 b4 18. h5 bxc3 19. dxc3 dxc3 20. Be3 Nd4 21. Qd1 cxb2 22. Rb1 Qb4 23. Qg4 Qa5 24. hxg6 hxg6 25. e5 Nf5 26. Qh3 Nxe3 27. Qxe3 dxe5 28. Nh3 exf4 29. Qxf4 Rb7 30. Qh4 Rb4 31. Be4 Qh5 32. Qf2 Rf8 33. Qc2 Bb7 34. Bf3 Bxf3 35. Rxf3 a5 36. Kg1 Qg4 37. Nf2 Qc4 38. Qd1 Rxa4 39. Nd3 Qd4+ 40. Kh1 Rb8 41. Rf4 Qxf4 42. Nxf4 Rxf4 43. Qd6 Rfb4 44. Qd2 Rh4+ 45. Kg1 Bd4+ 0-1

[Event "Senior-DM 65+ 2025"]
[Site "Copenhagen"]
[Date "2025.02.08"]
[Round "1.14"]
[White "Kjaerbye, Michael Saager"]
[Black "Winther, Bjarke Rosenborg"]
[Result "1-0"]
[WhiteElo "2149"]
[BlackElo "1813"]
[WhiteFideId "1401165"]
[BlackFideId "1447173"]
[EventDate "2025.02.08"]
[EventType "swiss"]
[EventRounds "7"]
[EventCountry "DEN"]
[SourceTitle "Live v. Obro Skakforening"]

1. d4 d5 2. Nf3 Nf6 3. c4 c6 4. Nc3 dxc4 5. a4 Bf5 6. e3 e6 7. Bxc4 Be7 8. O-O O-O 9. Qe2 Ne4 10. Rd1 Nd7 11. Nxe4 Bxe4 12. Bd3 Nf6 13. a5 Bxd3 14. Rxd3 Qd5 15. a6 b6 16. Rd1 Rfd8 17. Bd2 Ne4 18. Bc3 Qf5 19. Ne5 Rac8 20. Qf3 Qxf3 21. gxf3 Nxc3 22. bxc3 f6 23. Nd3 Rc7 24. Kf1 Rcd7 25. Ke2 Rd5 26. c4 R5d7 27. h3 Kf7 28. Rdb1 e5 29. c5 bxc5 30. Nxc5 Bxc5 31. dxc5 Rc7 32. Ra4 Rd5 33. Rab4 Rdd7 34. f4 Ke6 35. fxe5 Kxe5 36. Rb7 Ke6 37. e4 Ke5 38. Rxc7 Rxc7 39. Rb7 Rc8 40. Ke3 1-0

[Event "Senior-DM 65+ 2025"]
[Site "Copenhagen"]
[Date "2025.02.08"]
[Round "1.15"]
[White "Kristensen, Lars Ostergaard"]
[Black "Skovgaard, Tom"]
[Result "0-1"]
[WhiteElo "1740"]
[BlackElo "1951"]
[WhiteFideId "1415018"]
[BlackFideId "1406337"]
[EventDate "2025.02.08"]
[EventType "swiss"]
[EventRounds "7"]
[EventCountry "DEN"]
[SourceTitle "Live v. Obro Skakforening"]

1. d4 Nf6 2. c4 e6 3. Nf3 Bb4+ 4. Bd2 Qe7 5. a3 Bxd2+ 6. Nbxd2 d6 7. e3 O-O 8. b4 b6 9. g3 Bb7 10. Bg2 Nbd7 11. O-O c5 12. Re1 Ne4 13. Nxe4 Bxe4 14. Nd2 Bxg2 15. Kxg2 Rfd8 16. Qc2 h6 17. Rad1 Rac8 18. bxc5 bxc5 19. d5 Rb8 20. e4 e5 21. Rb1 Rb6 22. a4 Rdb8 23. Rxb6 axb6 24. f4 exf4 25. gxf4 Qh4 26. Rf1 Nf6 27. Kh1 Re8 28. Qb2 Nxe4 29. Nxe4 Rxe4 30. Rg1 f6 31. Qc2 Qxf4 32. Qg2 Re7 33. Rf1 Qe4 34. Rf2 Qb1+ 35. Rf1 Re1 0-1

[Event "Senior-DM 65+ 2025"]
[Site "Copenhagen"]
[Date "2025.02.08"]
[Round "1.16"]
[White "Nielsen, John Holm"]
[Black "Nielsen, Angelo"]
[Result "1-0"]
[WhiteElo "1978"]
[BlackElo "1721"]
[WhiteFideId "1406256"]
[BlackFideId "1442589"]
[EventDate "2025.02.08"]
[EventType "swiss"]
[EventRounds "7"]
[EventCountry "DEN"]
[SourceTitle "Live v. Obro Skakforening"]

1. Nc3 g6 2. e4 Bg7 3. d4 c5 4. Be3 Qa5 5. Qd2 Nc6 6. Nf3 cxd4 7. Nxd4 Nf6 8. Be2 Nxe4 9. Nxc6 Qxc3 10. bxc3 Bxc3 11. Qxc3 Nxc3 12. Nd4 a6 13. Bf3 e5 14. Nb3 d6 15. Bd2 Na4 16. Bb4 Ke7 17. Rd1 Rd8 18. O-O Nb2 19. Rb1 Nc4 20. Na5 Nxa5 21. Bxa5 Rd7 22. Rfd1 f5 23. Bd5 Rb8 24. Bb6 Ra8 25. a4 Kf6 26. a5 g5 27. f3 h5 28. Kf2 g4 29. Rb3 f4 30. Rc3 1-0

[Event "Senior-DM 65+ 2025"]
[Site "Copenhagen"]
[Date "2025.02.09"]
[Round "2.1"]
[White "Andreasen, Per Naesby"]
[Black "Kjaerbye, Michael Saager"]
[Result "1-0"]
[WhiteElo "2233"]
[BlackElo "2149"]
[WhiteFideId "1400886"]
[BlackFideId "1401165"]
[EventDate "2025.02.08"]
[EventType "swiss"]
[EventRounds "7"]
[EventCountry "DEN"]
[SourceTitle "Live v. Obro Skakforening"]

1. g3 g6 2. Bg2 Bg7 3. c4 Nf6 4. Nc3 O-O 5. e3 d6 6. Nge2 e5 7. O-O Re8 8. b3 Nc6 9. Bb2 Bg4 10. h3 Bf5 11. e4 Bd7 12. d3 Qc8 13. Kh2 h5 14. Bc1 h4 15. g4 Nh7 16. Be3 Nd4 17. Qd2 c6 18. Rac1 Qd8 19. f4 Nxe2 20. Nxe2 exf4 21. Bxf4 g5 22. Be3 d5 23. Rce1 dxc4 24. bxc4 c5 25. Nc3 Qc7+ 26. Kh1 Bxc3 27. Qxc3 Qe5 28. Qd2 Rad8 29. Rd1 Be6 30. Qa5 b6 31. Qxa7 Qb2 32. Rf2 Qb4 33. Bd2 Qb2 34. Be3 Qb4 35. Bd2 Qb2 36. Be1 Qe5 37. Qxb6 Bxc4 38. Rf5 Qe6 39. Qxe6 fxe6 40. Rxc5 Bxa2 41. Ra1 Ra8 42. Bd2 1-0

[Event "Senior-DM 65+ 2025"]
[Site "Copenhagen"]
[Date "2025.02.09"]
[Round "2.2"]
[White "Andersen, Morten"]
[Black "Nielsen, John Holm"]
[Result "1-0"]
[WhiteElo "2194"]
[BlackElo "1978"]
[WhiteFideId "1504908"]
[BlackFideId "1406256"]
[EventDate "2025.02.08"]
[EventType "swiss"]
[EventRounds "7"]
[EventCountry "DEN"]
[SourceTitle "Live v. Obro Skakforening"]

1. Nf3 Nf6 2. c4 c6 3. d4 d5 4. e3 e6 5. Nbd2 Nbd7 6. b3 Be7 7. Bd3 O-O 8. O-O b6 9. e4 dxe4 10. Nxe4 Bb7 11. Qe2 Nxe4 12. Bxe4 Nf6 13. Bc2 Qc7 14. a4 Rad8 15. a5 h6 16. a6 Ba8 17. Bb2 c5 18. Rfd1 Rfe8 19. Ne5 cxd4 20. Bxd4 Bc5 21. Bc3 Rxd1+ 22. Rxd1 Rd8 23. Rxd8+ Qxd8 24. b4 Be7 25. f3 Qc7 26. Qd3 Bd6 27. Ng4 Kf8 28. Nxf6 Bxh2+ 29. Kh1 gxf6 30. Bxf6 Be5 31. Qd8+ Qxd8 32. Bxd8 Bc6 33. b5 Bd7 34. Bxb6 Bb8 35. Be3 h5 36. b6 1-0

[Event "Senior-DM 65+ 2025"]
[Site "Copenhagen"]
[Date "2025.02.09"]
[Round "2.3"]
[White "Nielsen, Christian Volmer"]
[Black "Simonsen, Carsten"]
[Result "0-1"]
[WhiteElo "1966"]
[BlackElo "2190"]
[WhiteFideId "1419102"]
[BlackFideId "1439898"]
[EventDate "2025.02.08"]
[EventType "swiss"]
[EventRounds "7"]
[EventCountry "DEN"]
[SourceTitle "Live v. Obro Skakforening"]

1. e4 e5 2. Nf3 Nc6 3. d4 exd4 4. Nxd4 Nf6 5. Nxc6 bxc6 6. Bd3 d5 7. exd5 cxd5 8. O-O Be7 9. Re1 O-O 10. Bg5 h6 11. Bh4 Rb8 12. Qe2 Be6 13. c3 Qd7 14. Qc2 c5 15. c4 dxc4 16. Bf1 Qd4 17. Bxf6 Bxf6 18. Nc3 Rfd8 19. Rad1 Qf4 20. g3 Qc7 21. Na4 Rd4 22. Rxd4 cxd4 23. Rc1 Rc8 24. Qd1 Qd7 25. b3 c3 26. Bd3 Bf5 27. Qc2 g6 28. f3 Bxd3 29. Qxd3 Qf5 30. Qa6 d3 31. g4 d2 32. Rf1 Qe6 33. Qd3 Rd8 34. Qc2 Qe2 35. Qd1 0-1

[Event "Senior-DM 65+ 2025"]
[Site "Copenhagen"]
[Date "2025.02.09"]
[Round "2.4"]
[White "Alkaersig, Ole"]
[Black "Munk, Kai S"]
[Result "1-0"]
[WhiteElo "2185"]
[BlackElo "1940"]
[WhiteFideId "1401416"]
[BlackFideId "1406949"]
[EventDate "2025.02.08"]
[EventType "swiss"]
[EventRounds "7"]
[EventCountry "DEN"]
[SourceTitle "Live v. Obro Skakforening"]

1. e4 c5 2. Nf3 Nc6 3. Bb5 g6 4. O-O Bg7 5. Re1 Qc7 6. c3 a6 7. Bf1 d6 8. h3 b5 9. d4 cxd4 10. cxd4 Bb7 11. a4 bxa4 12. Qxa4 Qd7 13. Nc3 Nf6 14. e5 dxe5 15. dxe5 Nd5 16. Nxd5 Qxd5 17. Bc4 Qc5 18. Bxf7+ Kxf7 19. Qb3+ Ke8 20. Qxb7 Rb8 21. Qxa6 Qb5 22. Qa2 Nxe5 23. Nxe5 Bxe5 24. Qe6 1-0

[Event "Senior-DM 65+ 2025"]
[Site "Copenhagen"]
[Date "2025.02.09"]
[Round "2.5"]
[White "Skovgaard, Tom"]
[Black "Hartung Nielsen, Jens"]
[Result "1/2-1/2"]
[WhiteElo "1951"]
[BlackElo "2169"]
[WhiteFideId "1406337"]
[BlackFideId "1400690"]
[EventDate "2025.02.08"]
[EventType "swiss"]
[EventRounds "7"]
[EventCountry "DEN"]
[SourceTitle "Live v. Obro Skakforening"]

1. e4 c5 2. Nf3 e6 3. d4 cxd4 4. Nxd4 Nf6 5. Bd3 Nc6 6. Nb3 d5 7. exd5 exd5 8. c3 Be7 9. O-O O-O 10. h3 Ne5 11. Be2 Re8 12. N1d2 Bd6 13. Re1 Bc7 14. Nf1 h6 15. Nd4 a6 16. Nf3 Nc6 17. Be3 Be6 18. Nd4 Qd6 19. Nxc6 bxc6 20. Bd4 Ne4 21. b4 a5 22. a3 Bf5 23. Bg4 Bg6 24. Bf3 f5 25. Bh5 axb4 26. Bxg6 Qxg6 27. axb4 Ng5 28. Qd3 Ne4 29. c4 Qf7 30. Rac1 Bf4 31. Be3 Be5 32. cxd5 Qxd5 33. Qxd5+ cxd5 34. Red1 Nc3 35. Re1 d4 36. Bd2 Bf6 37. Ra1 Ne4 38. b5 Rab8 39. Reb1 d3 40. Ra3 Bd4 41. Rxd3 Bxf2+ 42. Kh2 Re5 43. Rdb3 Nxd2 44. Nxd2 Bb6 45. Nc4 Rc5 46. Nxb6 Rxb6 47. h4 g6 48. g3 Kg7 49. Rb4 Kf6 50. R1b2 g5 51. hxg5+ hxg5 52. Kg2 Ke5 53. Kf2 Rd5 54. Ke3 Kd6 55. Rd4 Ke5 56. Rxd5+ Kxd5 57. Kd3 Kc5 58. Rc2+ Kxb5 59. Rb2+ Kc5 60. Rxb6 Kxb6 61. Kd4 Kc6 62. Ke5 f4 63. gxf4 gxf4 64. Kxf4 1/2-1/2

[Event "Senior-DM 65+ 2025"]
[Site "Copenhagen"]
[Date "2025.02.09"]
[Round "2.6"]
[White "Petersen, Peter Birk"]
[Black "Petersen, Bent"]
[Result "1/2-1/2"]
[WhiteElo "2117"]
[BlackElo "1932"]
[WhiteFideId "1401696"]
[BlackFideId "1424211"]
[EventDate "2025.02.08"]
[EventType "swiss"]
[EventRounds "7"]
[EventCountry "DEN"]
[SourceTitle "Live v. Obro Skakforening"]

1. e4 c5 2. c3 d6 3. d4 cxd4 4. cxd4 e6 5. Nc3 Ne7 6. Nf3 d5 7. Bd3 Nbc6 8. O-O Ng6 9. exd5 exd5 10. Qb3 Bd6 11. Qxd5 O-O 12. Qh5 Be7 13. Be3 Bf6 14. Rad1 Re8 15. a3 Nce7 16. Ne4 Nd5 17. Neg5 Bxg5 18. Bxg5 Nf6 19. Bxf6 gxf6 20. Nh4 Bd7 21. Bf5 Ba4 22. Rd2 Bb3 23. Qg4 Bc4 24. Rc1 Qe7 25. h3 b5 26. Nf3 Qd6 27. g3 Re2 28. Bxg6 fxg6 29. Rxc4 f5 30. Qh4 Rxd2 31. Nxd2 bxc4 32. Nxc4 Qd5 33. Ne3 Qe4 34. Qxe4 fxe4 1/2-1/2

[Event "Senior-DM 65+ 2025"]
[Site "Copenhagen"]
[Date "2025.02.09"]
[Round "2.7"]
[White "Teimer, Torben"]
[Black "Moe, Mogens"]
[Result "0-1"]
[WhiteElo "1961"]
[BlackElo "2125"]
[WhiteFideId "1405179"]
[BlackFideId "1400550"]
[EventDate "2025.02.08"]
[EventType "swiss"]
[EventRounds "7"]
[EventCountry "DEN"]
[SourceTitle "Live v. Obro Skakforening"]

1. c4 Nf6 2. Nc3 d5 3. cxd5 Nxd5 4. g3 g6 5. Bg2 Nb6 6. d4 Bg7 7. e3 O-O 8. Nge2 e5 9. dxe5 Qxd1+ 10. Nxd1 Bxe5 11. Ndc3 c6 12. O-O Na6 13. b3 Rd8 14. Rb1 Be6 15. Bb2 Rd2 16. Bc1 Rc2 17. Bb2 Nd5 18. Rfc1 Rxc1+ 19. Rxc1 Ndb4 20. Ba1 Rd8 21. Kf1 Nc5 22. Nf4 Bxf4 23. gxf4 Rd2 24. Ke1 Rxf2 25. Kxf2 Ncd3+ 26. Ke2 Nxc1+ 27. Kd2 Nbxa2 0-1